| 000 | 01141nam a2200301 c 4500 | ||
|---|---|---|---|
| 999 |
_c133796 _d133796 |
||
| 003 | BLK | ||
| 005 | 20210126094009.0 | ||
| 008 | 180409b bul|||||r ||||||| ||bul|| | ||
| 010 | _aKNG00139697000 | ||
| 040 | _aBLK | ||
| 041 |
_aBUL _cBUL |
||
| 080 |
_aБългарска литература _b821.163.2 _x-32 _z821.163.2-32 |
||
| 100 | 1 |
_aВазов, Иван Минчов _eпърви автор _9363396 |
|
| 139 |
_aВазов, Иван Минчов _bВ 15 |
||
| 245 | 1 | 0 |
_aДядо Йоцо гледа _bИзбрани разкази _cИван Минчов Вазов; худож. Христо Нейков. |
| 257 | _aBGR | ||
| 260 |
_bБълг. писател _c1967 |
||
| 300 |
_a71 с. _bс ил. _c29 см |
||
| 380 | _aX | ||
| 490 | 1 | _aНаши класици | |
| 500 | _a20 100 тир. | ||
| 700 | 1 |
_aНейков, Христо _eхудож. _9365109 |
|
| 852 | _aЦб ІІ 3163 | ||
| 856 | 4 | _qpdf | |
| 856 | 4 | _qpdf | |
| 942 |
_cKNG _n0 _s1 |
||
| 944 |
_aCR _c18.02.2013 _l18.02.2013 - от С1,Р / 18.02.2013 _kЕлица_Владова |
||
| 944 |
_aED _c13.09.2017 _l18.02.2013 - от С1,Р / 18.02.2013 _kСевдалина_Василева |
||
| 999 | _d133796 | ||